Joan edukira

Экономическая оценка инвестиций методические указания по изучению дисциплины и выполнению курсовой работы. для студентов иэутс

Издаются в соответствии с программой дисциплины «Экономическая оценка инвестиций» (150 часов, 9 семестр, для бакалавров – 216 часов, 7 и 8 семестр). Предназначены для студентов ИЭУТС специальности «Экономика и управление на предприятиях транспорта» специализации управление финансами предприятия (очн...

Deskribapen osoa

Gorde:
Xehetasun bibliografikoak
Formatua: Книга
Hizkuntza:Russian
Argitaratua: Санкт-Петербург СПБГУ ГА им. А.А. Новикова 2012
Sarrera elektronikoa:https://e.lanbook.com/book/145721
https://e.lanbook.com/img/cover/book/145721.jpg
Etiketak: Etiketa erantsi
Etiketarik gabe, Izan zaitez lehena erregistro honi etiketa jartzen!
LEADER 01804nam0a2200217 i 4500
001 145721
003 RuSpLAN
005 20221220174053.0
008 221220s2012 ru gs 000 0 rus
040 |a RuSpLAN 
041 0 |a rus 
044 |a ru 
245 0 0 |a Экономическая оценка инвестиций  |b методические указания по изучению дисциплины и выполнению курсовой работы. для студентов иэутс 
260 |a Санкт-Петербург  |b СПБГУ ГА им. А.А. Новикова  |c 2012 
300 |a 35 с. 
504 |a Библиогр.: доступна в карточке книги, на сайте ЭБС Лань 
520 8 |a Издаются в соответствии с программой дисциплины «Экономическая оценка инвестиций» (150 часов, 9 семестр, для бакалавров – 216 часов, 7 и 8 семестр). Предназначены для студентов ИЭУТС специальности «Экономика и управление на предприятиях транспорта» специализации управление финансами предприятия (очного, очно-заочного и заочного обучения), а также бакалавров направления «Менеджмент» (профиль «Финансовый менеджмент»). 
521 8 |a Книга из коллекции СПБГУ ГА им. А.А. Новикова - Экономика и менеджмент 
856 4 |u https://e.lanbook.com/book/145721 
856 4 8 |u https://e.lanbook.com/img/cover/book/145721.jpg 
953 |a https://e.lanbook.com/img/cover/book/145721.jpg